Every QB Taken 2026 NFL Draft - Statistics

General Stats
  • This quiz has been taken 43 times
  • The average score is 8 of 10
Answer Stats
# Team School Player % Correct
1 Las Vegas Raiders Indiana Fernando Mendoza
100%
65 Arizona Cardinals Miami (FL) Carson Beck
97%
13 Los Angeles Rams Alabama Ty Simpson
97%
76 Pittsburgh Steelers Penn State Drew Allar
89%
249 Kansas City Chiefs LSU Garrett Nussmeier
86%
110 New York Jets Clemson Cade Klubnik
83%
182 Cleveland Browns Arkansas Taylen Green
74%
234 New England Patriots Texas Tech Behren Morton
49%
178 Philadelphia Eagles North Dakota State Cole Payton
49%
223 Washington Commanders Rutgers Athan Kaliakmanis
31%
No matching quizzes found
Score Distribution
Percent of People with Each Score
Percentile by Number Answered
Your Score History
You have not taken this quiz